| 000 | 00431nam a2200157 a 4500 | ||
|---|---|---|---|
| 005 | 20140311163003.0 | ||
| 008 | 030204s19uu xx 00 eng d | ||
| 020 | _a0851121470 | ||
| 050 |
_aAG 243 _b.G87 2003 |
||
| 245 | _a2003 Guinness world record / | ||
| 260 |
_aU.S,A : _bGullane entertainment company, _c2003. |
||
| 300 |
_a288 p. : _bcol. ill. ; _c30 cm. |
||
| 650 | _aWorld records | ||
| 942 |
_cBK _2lcc |
||
| 999 |
_c39251 _d39251 |
||